| 000 | 00590nam a2200205 a 4500 | ||
|---|---|---|---|
| 005 | 20140310183608.0 | ||
| 008 | 120713s19uu xx 00 eng d | ||
| 020 | _a9780240814414 | ||
| 050 |
_aTR 897.7 _b .G54 2010 |
||
| 100 | _aGhertner, Ed. | ||
| 245 |
_aLayout and composition for animation / _cEd Ghertner. |
||
| 260 |
_aBurlington, MA : _bFocal Press/Elsevier, _c2010. |
||
| 300 |
_a208 p. : _bill. ; _c26 cm. |
||
| 500 | _aIncludes index. | ||
| 521 | _aBSBA | ||
| 650 | _aComputer animation. | ||
| 650 | _aComposition (Photography) | ||
| 942 |
_cBK _2lcc _kFOR |
||
| 999 |
_c25196 _d25196 |
||